000
00222nam a2200097Ia 4500
008
220204s9999 xx 000 0 und d
082
_a
82-3
_b
HUX
100
_a
Huxley, L A
245
0
_a
Between heaven and earth
942
_c
BK
999
_c
35105
_d
35105